LEADER 00899nam a2200217 4500 001 000000363266 003 CaOOAMICUS 005 20250620142412.0 008 250619s1977 it 000 u ita r 040 $aSeMil$bita 100 1 $aGilardi, Enrico .$0(OLS)http://semarc/name/13185 245 12$aI comandamenti /$criflessioni tenute dal Prof. Don Enrico Gilardi. 264 1$aNovate Milanese :$b[s.n.],$c1977. 300 $a124 p. :$c31 cm. 650 4$aDispense scolastiche.$0(OLS)http://semarc/subject/526 650 4$aComandamenti - Catechismo.$0(OLS)http://semarc/subject/3572 850 $aSeMil 852 $aSeMil$W1$xVenegono$y1$m6X III 47$j258697$B254154$CSeMilBibl$Z2$F254154 $8B 996 $6245$aI comandamenti$9(OLS)http://semarc/title/454442 996 $6264$aNovate Milanese :$b[s.n.]$9(OLS)http://semarc/publisher/50386 LEADER 00565nab a2200145 i 4500 001 000000312126 003 CaOOAMICUS 005 20180831173046.0 008 180831n xx uu u0 0und r 013 $a21218 040 $aSeMil$bita 100 1 $aCellini, Adolfo.$0(OLS)http://semarc/name/13922 245 13$aIl disegno messianico di Gesł in ordine agli Ebrei, ai Samaritani e ai Gentili. 773 0 $t[Settembre-Dicembre].$g74-90, 320-338,$w()274193 996 $6245$aIl disegno messianico di Gesł in ordine agli Ebrei, ai Samaritani e ai Gentili$9(OLS)http://semarc/title/386562